LEADER 03583nam 22007455 450 001 9910520083303321 005 20250723101810.0 010 $a3-030-93417-9 024 7 $a10.1007/978-3-030-93417-0 035 $a(MiAaPQ)EBC6852101 035 $a(Au-PeEL)EBL6852101 035 $a(CKB)20667616800041 035 $a(PPN)260307696 035 $a(DE-He213)978-3-030-93417-0 035 $a(EXLCZ)9920667616800041 100 $a20220111d2021 u| 0 101 0 $aeng 135 $aurcnu|||||||| 181 $ctxt$2rdacontent 182 $cc$2rdamedia 183 $acr$2rdacarrier 200 10$aNew Trends in Information and Communications Technology Applications $e5th International Conference, NTICT 2021, Baghdad, Iraq, November 17?18, 2021, Proceedings /$fedited by Abbas M. Al-Bakry, Safaa O. Al-Mamory, Mouayad A. Sahib, Loay E. George, Jaafar A. Aldhaibani, Haitham S. Hasan, George S. Oreku 205 $a1st ed. 2021. 210 1$aCham :$cSpringer International Publishing :$cImprint: Springer,$d2021. 215 $a1 online resource (217 pages) 225 1 $aCommunications in Computer and Information Science,$x1865-0937 ;$v1511 311 08$aPrint version: Al-Bakry, Abbas M. New Trends in Information and Communications Technology Applications Cham : Springer International Publishing AG,c2022 9783030934163 320 $aIncludes bibliographical references and index. 327 $aComputing Methodologies -- Networks -- Applied Computing. 330 $aThis book constitutes refereed proceedings of the 5th International Conference on New Trends in Information and Communications Technology Applications, NTICT 2021, held in Baghdad, Iraq, in November 2021. The 13 full papers presented were thoroughly reviewed and selected from 52 qualified submissions. The volume presents the latest research results in such areas as network protocols, overlay and other logical network structures, wireless access networks, computer vision, machine learning, artificial Intelligence, data mining, control methods. 410 0$aCommunications in Computer and Information Science,$x1865-0937 ;$v1511 606 $aArtificial intelligence 606 $aComputer engineering 606 $aComputer networks 606 $aImage processing$xDigital techniques 606 $aComputer vision 606 $aComputer science$xMathematics 606 $aSocial sciences$xData processing 606 $aArtificial Intelligence 606 $aComputer Engineering and Networks 606 $aComputer Imaging, Vision, Pattern Recognition and Graphics 606 $aMathematics of Computing 606 $aComputer Application in Social and Behavioral Sciences 615 0$aArtificial intelligence. 615 0$aComputer engineering. 615 0$aComputer networks. 615 0$aImage processing$xDigital techniques. 615 0$aComputer vision. 615 0$aComputer science$xMathematics. 615 0$aSocial sciences$xData processing. 615 14$aArtificial Intelligence. 615 24$aComputer Engineering and Networks. 615 24$aComputer Imaging, Vision, Pattern Recognition and Graphics. 615 24$aMathematics of Computing. 615 24$aComputer Application in Social and Behavioral Sciences. 676 $a001.64404 676 $a004.6 702 $aAl-Bakry$b Abbas M. 801 0$bMiAaPQ 801 1$bMiAaPQ 801 2$bMiAaPQ 906 $aBOOK 912 $a9910520083303321 996 $aNew Trends in Information and Communications Technology Applications$91922169 997 $aUNINA